Statistics for Countries by their Former Flag (Hard)

Click here to take the quiz!

General Stats

  • This quiz has been taken 15 times
  • The average score is 5 of 16

Answer Stats

Answer% Correct
Durrani Realm
70%
Kazakh Khanate
50%
Afsharid Empire
40%
Goryeo Dynasty
40%
Rattanakosin Kingdom
40%
Tokugawa Shogunate
40%
Ilkhanate
30%
Kingdom of Bohemia
30%
Kingdom of Kongo
30%
Bornu Empire
20%
Champa Kingdom
20%
Empire of Trebizond
20%
Khwarazmian Empire
20%
Republic of Genoa
20%
Kingdom of Manipur
10%
Kingdom of Mempawah
10%

Score Distribution

Percentile by Number Answered

Percent of People with Each Score

Your Score History

You have not taken this quiz